Problems of the Indonesian revolution (Record no. 60287)

MARC details
000 -LEADER
fixed length control field 00693cam a22002531 4500
001 - CONTROL NUMBER
control field sa 64007488
003 - CONTROL NUMBER IDENTIFIER
control field DLC
005 - DATE AND TIME OF LATEST TRANSACTION
control field 20260227112047.0
007 - PHYSICAL DESCRIPTION FIXED FIELD--GENERAL INFORMATION
fixed length control field hd afb|||baca
008 - FIXED-LENGTH DATA ELEMENTS--GENERAL INFORMATION
fixed length control field 810302s1963 io c 000 0 eng
010 ## - LIBRARY OF CONGRESS CONTROL NUMBER
LC control number sa 64007488
035 ## - SYSTEM CONTROL NUMBER
System control number (OCoLC)7181380
040 ## - CATALOGING SOURCE
Original cataloging agency DLC
Transcribing agency ViW
Modifying agency OCoLC
-- DLC
042 ## - AUTHENTICATION CODE
Authentication code premarc
043 ## - GEOGRAPHIC AREA CODE
Geographic area code a-io
050 00 - LIBRARY OF CONGRESS CALL NUMBER
Classification number JQ779.A55
Item number A83
051 ## - LIBRARY OF CONGRESS COPY, ISSUE, OFFPRINT STATEMENT
Classification number Microfilm 2008/20
100 1# - MAIN ENTRY--PERSONAL NAME
Personal name Aidit, D. N.,
Dates associated with a name 1923-1965.
245 10 - TITLE STATEMENT
Title Problems of the Indonesian revolution
Statement of responsibility, etc. [by] D.N. Aidit.
260 ## - PUBLICATION, DISTRIBUTION, ETC.
Place of publication, distribution, etc. [Bandung]
Name of publisher, distributor, etc. Demos,
Date of publication, distribution, etc. 1963.
300 ## - PHYSICAL DESCRIPTION
Extent 612 p.
Other physical details port.
Dimensions 22 cm.
610 20 - SUBJECT ADDED ENTRY--CORPORATE NAME
Corporate name or jurisdiction name as entry element Partai Komunis Indonesia
General subdivision History.
650 #0 - SUBJECT ADDED ENTRY--TOPICAL TERM
Topical term or geographic name entry element Communism
Geographic subdivision Indonesia.

No items available.

Powered by Koha